<?xml version="1.0" encoding="UTF-8"?>
<record
    xmlns:xsi="http://www.w3.org/2001/XMLSchema-instance"
    xsi:schemaLocation="http://www.loc.gov/MARC21/slim http://www.loc.gov/standards/marcxml/schema/MARC21slim.xsd"
    xmlns="http://www.loc.gov/MARC21/slim">

  <leader>00970nas a2200289   4500</leader>
  <controlfield tag="001">BR2015007005</controlfield>
  <controlfield tag="003">BR-BrBNA</controlfield>
  <controlfield tag="005">20231205130026.0</controlfield>
  <controlfield tag="007">ta</controlfield>
  <controlfield tag="008">230509b bl.|||p| |||| 00| 00por d</controlfield>
  <datafield tag="040" ind1=" " ind2=" ">
    <subfield code="a">BR-BrBNA</subfield>
    <subfield code="b">por</subfield>
    <subfield code="c">Biblioteca Nacional de Agricultura</subfield>
  </datafield>
  <datafield tag="041" ind1=" " ind2=" ">
    <subfield code="a">(En)</subfield>
  </datafield>
  <datafield tag="072" ind1=" " ind2=" ">
    <subfield code="a">L70</subfield>
  </datafield>
  <datafield tag="100" ind1="1" ind2=" ">
    <subfield code="a">Murthy, K.R.K.</subfield>
  </datafield>
  <datafield tag="100" ind1="1" ind2=" ">
    <subfield code="a">Zare, M.A.</subfield>
  </datafield>
  <datafield tag="245" ind1="1" ind2=" ">
    <subfield code="a">Scorpion antivenom reverses metabolic, electrocardiographic, and hormonal disturbances caused by the indian red scorpion mesobuthus tamulus concanesis, pocock envenomation</subfield>
  </datafield>
  <datafield tag="650" ind1=" " ind2=" ">
    <subfield code="a">ESCORPIAO</subfield>
  </datafield>
  <datafield tag="650" ind1=" " ind2=" ">
    <subfield code="a">CAO</subfield>
  </datafield>
  <datafield tag="650" ind1=" " ind2=" ">
    <subfield code="a">VENENO</subfield>
  </datafield>
  <datafield tag="650" ind1=" " ind2=" ">
    <subfield code="a">INTOXICACAO</subfield>
  </datafield>
  <datafield tag="650" ind1=" " ind2=" ">
    <subfield code="a">NEUTRALIZACAO</subfield>
  </datafield>
  <datafield tag="650" ind1=" " ind2=" ">
    <subfield code="a">CIENCIA ANIMAL</subfield>
  </datafield>
  <datafield tag="773" ind1="0" ind2=" ">
    <subfield code="t">Journal of Venomous Animals and Toxins (Brazil)</subfield>
    <subfield code="x">ISSN 1678-4936</subfield>
    <subfield code="g">(2002), v. 8(1) p. 30-48</subfield>
    <subfield code="w">BR2015007005</subfield>
  </datafield>
  <datafield tag="856" ind1="4" ind2="0">
    <subfield code="u">http://dx.doi.org/10.1590/S0104-79302002000100004</subfield>
  </datafield>
  <datafield tag="909" ind1=" " ind2=" ">
    <subfield code="a">202311</subfield>
    <subfield code="b">L&#xFA;cia</subfield>
    <subfield code="c">55</subfield>
    <subfield code="d">L&#xFA;cia Elande</subfield>
  </datafield>
  <datafield tag="942" ind1=" " ind2=" ">
    <subfield code="2">AGRIS</subfield>
    <subfield code="n">0</subfield>
    <subfield code="c">ANA</subfield>
  </datafield>
  <datafield tag="999" ind1=" " ind2=" ">
    <subfield code="c">247507</subfield>
    <subfield code="d">247507</subfield>
  </datafield>
  <datafield tag="952" ind1=" " ind2=" ">
    <subfield code="0">0</subfield>
    <subfield code="2">AGRIS</subfield>
    <subfield code="4">0</subfield>
    <subfield code="7">1</subfield>
    <subfield code="a">41918</subfield>
    <subfield code="b">41918</subfield>
    <subfield code="c">Peri&#xF3;dicos Agr&#xED;colas</subfield>
    <subfield code="h">(2002), v. 8(1) p. 30-48</subfield>
    <subfield code="l">0</subfield>
    <subfield code="r">2023-11-29</subfield>
    <subfield code="t">01</subfield>
    <subfield code="y">CR</subfield>
    <subfield code="e">Portaria Interministerial n&#xBA; 164/94</subfield>
  </datafield>
</record>
